[Event "Poikovsky Karpov 14th"]
[Site "Poikovsky"]
[Date "2013.09.05"]
[Round "8"]
[White "Eljanov, Pavel"]
[Black "Cheparinov, Ivan"]
[Result "1-0"]
[WhiteElo "2702"]
[BlackElo "2678"]
[Annotator "CB"]
[PlyCount "75"]
[EventDate "2013.08.28"]
[EventType "tourn"]
[EventRounds "9"]
[EventCountry "RUS"]
[EventCategory "18"]
[SourceTitle "CBM 156"]
[Source "ChessBase"]
[SourceDate "2013.09.17"]
[SourceVersion "1"]
[SourceVersionDate "2013.09.17"]
[SourceQuality "1"]

{Bisher spielten Eljanov und Cheparinov zweimal gegeneinander, Ergebnis 2:0
für Eljanov.} 1. c4 c5 2. Nc3 Nc6 3. g3 g6 4. Bg2 Bg7 5. d3 e6 6. Bf4 {
Mal was anderes.} ({Üblich sind} 6. e4) ({oder} 6. Nf3) 6... d6 7. Nf3 h6 {
Ein neuer Zug an dieser Stelle.} ({Geht der möglichen Folge} 7... Nge7 8. O-O
O-O 9. Qd2 {aus dem Weg, obwohl Schwarz danach bisher keine großen Sorgen
hatte.} (9. Qc1) 9... Nf5 10. e4 Nfd4 11. Nxd4 Nxd4 12. Rab1 a5 13. b3 Rb8 14.
a3 b5 15. cxb5 Nxb5 16. Nxb5 Rxb5 17. b4 axb4 18. axb4 cxb4 19. Rxb4 Rxb4 20.
Qxb4 e5 21. Be3 Be6 $11 {Bozic,M (2462)-Ostojic,N (2458) Valjevo 2011, ½-½ 
(76)}) 8. a3 Nge7 9. Qc1 {Das ist der Nachteil von 7...h6. Wenn Schwarz
rochieren will, muss er irgendwann zu g6-g5 greifen oder vielleicht Sf5
spielen.} b6 10. b4 Bb7 11. O-O Qd7 12. Rb1 Rd8 (12... Nf5 $5) 13. bxc5 dxc5
14. Ne4 {Sd6 darf Schwarz nicht zulassen, aber Weiß hat auch noch eine kleine
Kombi in petto.} e5 ({Interessant war} 14... Nf5 $5 {und falls} 15. g4 {dann} (
15. Re1 Qe7 $11) 15... Ncd4 {mit der Gabeldrohung auf e2} 16. Nxd4 Nxd4 17. Qd1
(17. Nd6+ $2 Qxd6 $19) 17... Bxe4 18. Bxe4 e5 19. Bg3 Qxg4 $15) 15. Nxe5 $3 {
Dieses Figurenopfer war die Idee.} Nxe5 16. Nxc5 bxc5 17. Rxb7 Qd6 18. Rxa7 {
Weiß hat nun drei Bauern für die Figur bekommen, einen als Freibauern auf
der a-Linie.} g5 19. Bxe5 Bxe5 20. a4 {Da läuft er los. Man beachte, dass der
Lg2 das Umwandlungsfeld a8 beherrscht und auch dem Turm immer eine
Rückzugmöglichkeit über b7 gewährleistet. Weiß ist mit diesem Läufer
Chef auf den weißen Feldern am Damenflügel.} O-O 21. a5 Rb8 22. Qa3 Rb2 (
22... Nc6 23. Ra6 $16) (22... h5 23. a6 h4 24. Rb7 Ra8 25. a7 Nf5 26. Be4 Nd4
27. Qa2 {und Schwarz kommt am Königsflügel nicht zum Entlastungsangriff.})
23. e3 Rd2 24. a6 Rxd3 25. Qa4 Nc8 26. Rb7 {Der weiße Vorteil wird nun
offensichtlich. Es droht einfach a7.} Nb6 27. Rxb6 Qxb6 28. a7 Kg7 29. a8=Q
Rxa8 30. Qxa8 {Bilanz des Figurenopfers im 15. Zug: Weiß hat einen Bauern
gewonnen und steht auf den weißen Feldern immer noch überlegen.} Rd2 31. Bd5
Bc3 32. Qc8 {Bindet die schwarze Dame an c5, aber die Hauptdrohung ist Df5 und
Le4.} Rb2 33. Kg2 Bb4 34. Qf5 Qf6 35. Qxf6+ Kxf6 {Das Endspiel ist
überrschend schnell gewonnen.} 36. Ra1 Kg6 37. g4 h5 (37... f6 38. Ra7 $18)
38. Be4+ 1-0

[Event "Tata Steel-C 73rd"]
[Site "Wijk aan Zee"]
[Date "2011.01.21"]
[Round "6"]
[White "Van der Werf, Mark"]
[Black "Nyzhnyk, Illya"]
[Result "1/2-1/2"]
[WhiteElo "2439"]
[BlackElo "2530"]
[Annotator "CB"]
[PlyCount "80"]
[EventDate "2011.01.14"]
[EventType "tourn"]
[EventRounds "13"]
[EventCountry "NED"]
[EventCategory "11"]
[SourceTitle "CBM 141"]
[Source "ChessBase"]
[SourceDate "2011.03.17"]
[SourceVersion "1"]
[SourceVersionDate "2011.03.17"]
[SourceQuality "1"]

1. c4 Nf6 2. g3 g6 3. Bg2 Bg7 4. Nc3 O-O 5. e4 d6 6. Nge2 c5 7. O-O Nc6 8. d3
Ne8 9. Be3 Nc7 10. d4 cxd4 11. Nxd4 Ne6 12. Nde2 Nc5 13. f4 Be6 14. b3 Qc8 {
#Van der Werf's opening choice is perfect since this sort of bind can be
extremely challenging to play with Black.} 15. Rf2 (15. Re1 a5 16. Rb1 Bh3 17.
Bh1 Bg4 18. Qd2 Rb8 19. a3 Na6 20. Nb5 Qd7 21. Nec3 Rfd8 22. Bb6 Rdc8 23. Bf2
Rd8 24. Nd5 e6 25. Nb6 Qe7 26. Bg2 e5 27. f5 gxf5 28. h3 Bh5 29. exf5 f6 30.
Nd5 {1/2-1/2 Sunye Neto,J (2510)-Leitao,R (2360)/San Jose do Rio Preto 1995/
EXT 1998 (70)}) 15... Bg4 16. Qd2 Rb8 17. Rb1 {Mark threatens b4 and sidesteps
any pins along the long diagonal that might empower a b5 push from Black or
prevent a Nd5 of his own.} a5 18. Nd4 Bh3 19. Bf3 Re8 20. Ndb5 b6 21. Nd5 Qd7
22. a3 f5 $2 {#} 23. e5 $1 {Houston we have a problem.} Ne4 ({The pawn is
untouchable since a piece is lost after} 23... dxe5 24. Bxc5 {and if} bxc5 $2
25. Nf6+ {wins the queen.}) 24. Bxe4 fxe4 25. Nxb6 Rxb6 26. Bxb6 Qb7 27. Be3 (
27. c5 $1 dxc5 ({or} 27... dxe5 28. Qd5+ e6 29. Qxe4 Bf5 30. Qe1 Bxb1 31. Nd6
$16) 28. Qd5+ e6 29. Qxc5) 27... dxe5 28. Qd5+ e6 29. Qc5 Rd8 {Black is
starting to get counterplay so White strives to exchange queens to avoid
trouble.} 30. Qb6 Qc8 {#In theory, not the best move, but seeing his opponent
trying to exchange queens Nyzhnyk rightly judges that Van der Werf may do so
to his detriment,} 31. Qc7 $2 {A blunder that swings the balance of things.
Now Black is better, though nothing decisive...yet.} Qxc7 {Ilya was down to
one minute on his clock by now, so was under maximum pressure.} 32. Nxc7 Rd3
33. Re2 exf4 34. gxf4 {#} Nd4 $1 35. Kf2 {#} (35. Bxd4 Bxd4+ 36. Kh1 Bg4 37.
Rg2 Bf3 {would be nasty too.}) 35... Bf6 {Argh! This was the collective sound
of groans on Playchess.} ({Just} 35... Nxe2 36. Kxe2 Bg4+ 37. Kf2 Bf6 {was
enough as the bishop on e3 is lost.} 38. Bc5 e3+ 39. Bxe3 (39. Kg3 e2+ 40. Kg2
(40. Kxg4 h5#)) 39... Bh4+) 36. Bxd4 Bxd4+ 37. Ke1 Bc3+ 38. Kf2 {Black is
still better, but Ilya is playing with seconds on his clock, and goes for the
safe repetition.} Bd4+ (38... Rf3+ 39. Kg1 Bd4+ 40. Kh1 Rxf4 41. Rbe1 e3 {
would still leave White with a lot of work to do to save it.} 42. Nb5 Bc5 43.
Nc3 Kf7) 39. Ke1 Bc3+ 40. Kf2 Bd4+ 1/2-1/2

[Event "Syre Memorial op 30th"]
[Site "Issy les Moulineaux"]
[Date "2007.05.19"]
[Round "5"]
[White "Debray, Christopher"]
[Black "Calistri, Tristan"]
[Result "1-0"]
[WhiteElo "2302"]
[BlackElo "2368"]
[Annotator "Calistri,T"]
[PlyCount "67"]
[EventDate "2007.05.17"]
[EventType "swiss"]
[EventRounds "6"]
[EventCountry "FRA"]
[SourceTitle "EXT 2008"]
[Source "ChessBase"]
[SourceDate "2007.11.25"]
[SourceVersion "1"]
[SourceVersionDate "2007.11.25"]
[SourceQuality "1"]

1. e4 c5 2. c4 Nc6 3. Nc3 g6 4. g3 Bg7 5. Bg2 d6 6. Nge2 Nf6 7. O-O O-O 8. d3 {
Le système Botvinnik que l'on peut aussi obtenir via l'Anglaise.} Ne8 $5 {
[%csl Rd4][%cal Re8c7,Rc7e6,Re6d4]} 9. Be3 {[%cal Rd3d4]} Nd4 10. Rb1 {[%cal
Rb2b4]} a5 11. a3 Bg4 (11... a4 $5) 12. f3 Bd7 13. b4 axb4 14. axb4 b6 15. b5
$6 Nc7 16. Bxd4 $146 (16. Qc1 {Williams,S (2225)-Roeder,M (2440) Cappelle op
11th (9) 1/2}) 16... cxd4 17. Na4 Ne6 $15 18. f4 Qc7 19. Ra1 Ra5 20. f5 Nd8 $5
{[%csl Rc5,Re5][%cal Rd8b7,Rd8f7]} (20... Nc5 21. fxg6 hxg6 22. Nxc5 Rxa1 23.
Qxa1 dxc5 24. Nf4 e6 $13) 21. Qb3 Nb7 22. Nf4 e6 23. fxe6 fxe6 24. Bh3 Nd8 (
24... Re8 $6 25. Nxe6 $5 (25. c5) 25... Bxe6 26. Bxe6+ Rxe6 27. c5 $36 Nd8 $8
28. Nxb6 Rxa1 29. Rxa1 dxc5 30. Nd5 $36) 25. c5 dxc5 $1 (25... Rxb5 $6 26. cxb6
Qc8 (26... Qc6 27. Qa2 $13 {[%csl Re6]}) 27. Qa3 Ra5 28. Qxd6 Rxa4 29. Rac1 $13
) 26. Bxe6+ $2 (26. Nxe6 Rxf1+ 27. Rxf1 $8 c4 $1 28. Nxc7 cxb3 29. Bxd7 Rxa4 {
[%cal Rb3b2,Ra4a1,Ra4a7,Ra7d7] J'avais vu jusqu'ici pendant la partie pensant
que le gain était facile avec mes deux menaces mais ce n'est pas si simple !}
30. Ne6 $8 b2 (30... Nf7 $5 {est peut-être meilleur.} 31. Rb1 $8 Ne5 32. Bc6
Ra2 $1 {[%cal Re5f3]} 33. Ng5 Bh6 34. Bd5+ Kf8 35. Bxb3 Rd2 $36) 31. Nxd8 Bf6
$1 {Afin d'eviter le perpetuel.} 32. Be6+ Kh8 $1 (32... Kg7 $2 33. Bb3 {
[%csl Yb1][%cal Rd8e6,Yb3c2] et le N se sauve.}) 33. Nf7+ Kg7 34. e5 Bd8 35.
Bb3 Ra1 36. Bc2 Rxf1+ 37. Kxf1 Kxf7 38. Bb3+ Ke7 39. Ba2 Bc7 40. e6 {et cette
finale doit être probablement egale !}) 26... Nxe6 27. Nxe6 Rxf1+ (27... c4
$142 28. Nxc7 cxb3 29. Nxb6 $4 b2 $1 $19 {Voila ce qui change tout par rapport
а la partie.}) 28. Rxf1 c4 29. Nxc7 cxb3 30. Nxb6 $138 {Tout va pour le mieux.
Il ne reste plus que 3 minutes а mon adversaire et je dispose d'un bonne demi
heure pour trouver "la combinaison" amenant le gain. Hélàs, complètement
deconcentré je ne pris que quelques minutes pour mes deux prochains coups:
deux fautes directes avec une defaite douloureuse а la clé. Bien fait pour moi
!} Ra7 $2 (30... b2 31. Nc4 Bh3 $1 {afin que la R ne soit plus proteger sur la
première rangée.} 32. Rd1 {[%csl Yd1][%cal Yc4b2]} Bg4 $1 33. Rf1 Be2 34. Nxb2
Bxf1 35. b6 {J'avais envisagé brievement cette suite pendant la partie mais
j'ai eu peur de ce coup.} Ra3 $1 $19 {[%cal Ya3b3]}) 31. Nxd7 b2 $4 {ridicule !
} (31... Rxc7 32. Nb6 Rb7 33. Nc4 Rxb5 $15 {voir egal !}) 32. Na6 $18 {Pas vu}
Bh6 33. Rb1 Bc1 34. Ndc5 1-0

[Event "Montreal International"]
[Site "Montreal"]
[Date "1979.04.29"]
[Round "14"]
[White "Hort, Vlastimil"]
[Black "Spassky, Boris Vasilievich"]
[Result "1/2-1/2"]
[WhiteElo "2600"]
[BlackElo "2640"]
[Annotator "ChessBase"]
[PlyCount "49"]
[EventDate "1979.04.11"]
[EventType "tourn"]
[EventRounds "18"]
[EventCountry "CAN"]
[EventCategory "15"]
[SourceTitle "MCL"]
[Source "ChessBase"]
[SourceDate "1999.07.01"]
[SourceVersion "1"]
[SourceVersionDate "1999.07.01"]
[SourceQuality "1"]

1. c4 c5 2. Nc3 Nc6 3. g3 g6 4. Bg2 Bg7 5. e3 e6 6. Nge2 Nge7 7. O-O d5 8. cxd5
exd5 (8... Nxd5 $5) 9. d4 cxd4 10. Nxd4 Nxd4 11. exd4 O-O 12. Bg5 $1 Be6 13.
Qb3 Qd7 14. Bxe7 Qxe7 15. Bxd5 Bxd4 16. Rae1 Rae8 17. Re4 $1 Qf6 18. Bxe6 fxe6
$14 19. Nb5 (19. Rf4) 19... Bb6 (19... Bxf2+ 20. Kg2 {/\Rf4}) 20. Nd6 Re7 21.
Rf4 Qg7 22. Rxf8+ Qxf8 23. Kg2 Kg7 24. Qd3 $6 (24. f4 $14) 24... e5 25. Qe2
1/2-1/2

[Event "Bundesliga 0304"]
[Site "Germany"]
[Date "2004.03.06"]
[Round "10.2"]
[White "Hickl, Joerg"]
[Black "Dautov, Rustem"]
[Result "1/2-1/2"]
[WhiteElo "2562"]
[BlackElo "2610"]
[Annotator "Dautov,R"]
[PlyCount "110"]
[EventDate "2003.11.01"]
[EventType "team-tourn"]
[EventRounds "15"]
[EventCountry "GER"]
[SourceTitle "CBM 100"]
[Source "ChessBase"]
[SourceDate "2004.06.01"]
[SourceVersion "1"]
[SourceVersionDate "2004.06.01"]
[SourceQuality "1"]
[WhiteTeam "Hofheim"]
[BlackTeam "Baden Oos"]
[WhiteTeamCountry "GER"]
[BlackTeamCountry "GER"]

1. g3 c5 2. Bg2 Nc6 3. c4 g6 4. Nc3 Bg7 5. a3 e6 6. Rb1 a5 7. d3 {Weiß hat
hier verschiedene Entwicklungsmöglichkeiten, die Theorie favorisiert 7.Nh3.} (
7. Nh3 Nge7 8. Nf4 O-O 9. O-O Rb8 10. d3 b6 11. Bd2 d6 12. e3 Ba6 13. Qa4 Bb7
14. Rfd1 Ne5 $11 {Saric,A-Sermek,D/Rabac 2003}) 7... Nge7 8. h4 $5 h6 {Eine
naheliegende Antwort, aber 8...h5 ist ebenfalls gut spielbar.} (8... h5 9. Nh3
O-O 10. Nf4 d6 $13) 9. Bd2 $146 (9. Nh3 e5 10. h5 d6 11. e4 Nd4 12. Ng1 Be6 13.
Bh3 Qd7 14. a4 O-O-O $11 {Suttles,D-Hort,V/San Antonio 1972}) 9... d5 {Die
kurze Rochade erschien mir zu gefährlich, deswegen startete ich das Spiel im
Zentrum.} (9... O-O $5 10. Qc1 Kh7 11. Nf3 d6 $13) 10. Qc1 b6 11. Nf3 d4 12.
Na4 $2 {Hier steht der Springer recht perspektivlos und bremst außerdem den
wichtigen Vorstoß b2-b4 aus. Deutlich besser war 12.Nb5!} (12. Nb5 $1 e5 13. b4
(13. O-O Be6 14. e3 $5) 13... axb4 (13... Be6 14. bxc5 bxc5 15. O-O Qd7 16. e3
$14) 14. axb4 cxb4 15. O-O (15. Bxb4 Nxb4 16. Rxb4 Bb7 17. O-O O-O $13) 15...
Be6 16. Bxb4 Nxb4 17. Rxb4 O-O $13) 12... Bd7 $1 13. b3 Ra6 $15 14. O-O Nf5 {
/\0-0 Nachdem der Vorstoß b3-b4 zuverlässig verhindert wurde, will Schwarz das
Problem der Rochade lösen.} 15. Bh3 Qe7 16. Re1 h5 (16... e5 $5 $15) 17. Bg5 f6
18. Bd2 O-O 19. Bg2 Kh7 $6 ({Enegrischer war} 19... e5 $1 $15) 20. e4 $1 {
Dieser Vostoß ist die einzige Möglichkeit für Weiß, ein Gegenspiel zu bekommen.
Zwar wird das Feld d4 sehr schwach, dafür findet der passive Springer a4
zurück in das Spiel.} dxe3 21. Bxe3 Nxe3 {Möglicherweise sollte ich diesen
Abtausch auf später verschieben.} (21... e5 $5 22. Nc3 Be6 23. Nd5 Qd7 24. Nd2
Bxd5 25. Bxd5 (25. cxd5 Nce7) 25... Nfe7 $15) 22. Qxe3 Bh6 23. Qe2 Qd8 {
Dieser unschöne Zug ist notwendig, um den Turm a6 ins Spiel zu bringen.} 24.
Nc3 Ra8 25. Nb5 e5 26. Qe4 Rc8 27. Nd6 Rc7 28. Nb5 Rc8 29. Nd6 Rb8 $1 {Ich
wollte mehr als Remis durch die Zugwiederholung.} (29... Rc7 $11) 30. Rbd1 $138
(30. Nb5 Ne7 {/\Bf5} 31. Rbd1 Bc6 (31... Bf5 $15) 32. Qe2 Re8 33. Nd2 Bxb5 34.
cxb5 Bxd2 35. Qxd2 Qd6 $15) 30... Qe7 $2 $138 {In der beginnenden Zeitnot fand
ich nicht die richtige Fortsetzung 30...Na7!, die den schwarzen Vorteil
untermauert hätte.} (30... Ne7 $2 31. d4 $1) (30... Na7 $1 {/\Bc6} 31. Qe2 (31.
Qd5 Qe7 32. Ne4 Rfd8 33. Qd6 Qxd6 34. Nxd6 Bg4 35. Ne4 Kg7 36. Nc3 Nc6 37. Nd5
b5 $17) 31... Bg4 32. Ne4 Nc6 $17) 31. Nb5 Rbd8 32. Kh2 Be8 $6 (32... Qf7 $15)
33. Qe2 Qf7 34. Nc3 Ne7 $6 (34... Bd7 $15 35. Nd5 Bg4) 35. Qb2 $1 $11 {/\b4}
Nc6 (35... Bc6 36. b4 axb4 37. axb4 Rd7 38. Ne4 $11) 36. Nd5 Qa7 (36... Rb8 $5
37. b4 cxb4 38. axb4 b5 $11) 37. b4 cxb4 $6 (37... Ne7 $5 $11) 38. axb4 Nxb4
39. Nxb4 axb4 40. Qxb4 $14 {Plötzlich steht Weiß besser, da der Vorstoß d3-d4
nicht aufzuhalten ist.} Rf7 $6 41. d4 Bf8 $2 ({Die beste Verteidigung bot die
taktische Variante} 41... exd4 42. Nxd4 Qa5 $1 43. Qb2 Ba4 $1 44. Ra1 Qd2 $14)
42. Qb2 $16 Ba3 (42... exd4 43. Nxd4 $16) 43. Qa2 (43. Qb3 $16 {/\Ra1}) 43...
Bb4 {Schwarz muß einen Bauern abgeben, um das Schlimmste zu vermeiden.} 44.
Qxa7 Rxa7 45. dxe5 Rxd1 46. Rxd1 fxe5 47. Nxe5 Bc3 48. Nf3 (48. f4 $2 Bxe5 49.
fxe5 Bf7 50. Bf1 (50. Bd5 Rd7 $14) 50... Rc7 $14) 48... b5 $1 49. Ng5+ Kg7 50.
Ne4 $2 {Jörg hat sich hier verrechnet. Nach dem von ihm unsprünglich geplanten
50.c5! stünde mir eine schwere Verteidigung bevor.} (50. c5 $1 Bf6 $1 (50... b4
$2 51. c6 {/\c7} Bf7 (51... Kf6 52. Ne4+ Ke7 53. Nxc3 bxc3 54. Rc1 Ra3 55. Re1+
Kd8 56. c7+ $18) 52. Bd5 $1 Bxd5 53. Rxd5 b3 54. c7 $18) 51. Ne6+ (51. c6 Bxg5
52. hxg5 Rc7 53. Rb1 Rc8 54. Rxb5 Bxc6 $16) 51... Kf7 52. Bd5 b4 53. c6 Ke7 $16
) 50... b4 51. Nxc3 bxc3 52. Rc1 Ra3 $11 53. c5 Ba4 54. c6 c2 55. Be4 Rc3
1/2-1/2

[Event "Biel"]
[Site "Biel"]
[Date "1986.07.20"]
[Round "1"]
[White "Rogers, Ian"]
[Black "Huebner, Robert"]
[Result "1/2-1/2"]
[WhiteElo "2515"]
[BlackElo "2620"]
[Annotator "Dolmatov,S"]
[PlyCount "59"]
[EventDate "1986.07.20"]
[EventType "tourn"]
[EventRounds "11"]
[EventCountry "SUI"]
[EventCategory "12"]
[SourceTitle "MCL"]
[Source "ChessBase"]
[SourceDate "1999.07.01"]
[SourceVersion "1"]
[SourceVersionDate "1999.07.01"]
[SourceQuality "1"]

1. e4 c5 2. c4 d6 3. Nc3 Nc6 4. g3 g6 5. Bg2 Bg7 6. d3 Nf6 7. Nge2 O-O 8. O-O
a6 9. Rb1 (9. h3 Rb8 10. a4 Ne8 11. Be3 Nc7 12. d4 Na5 13. b3 $14 {Taimanov,
M-Suetin,A/URS/1954/}) 9... Ne8 10. a3 (10. Be3 $5 Nd4 11. Qd2 $14) 10... Nc7
11. b4 Ne6 12. Be3 Rb8 13. Qd2 Ned4 14. f4 (14. h3 $2 Bxh3) 14... Bg4 15. Kh1 {
/\Ng1} Bxe2 16. Nxe2 Nxe2 17. Qxe2 Nd4 18. Qe1 $6 Qc7 19. Qd2 b6 20. Kg1 $10 (
20. f5 $1) 20... Qd7 21. Qd1 Rfc8 22. Kh1 b5 23. bxc5 dxc5 24. cxb5 axb5 25. e5
f6 26. exf6 Bxf6 27. Be4 Kh8 28. g4 e6 29. g5 Bg7 30. Bxd4 1/2-1/2

[Event "Rubinstein Memorial 32nd"]
[Site "Polanica Zdroj"]
[Date "1995.??.??"]
[Round "5"]
[White "Markowski, Tomasz"]
[Black "Krasenkow, Michal"]
[Result "0-1"]
[WhiteElo "2530"]
[BlackElo "2590"]
[Annotator "Dolmatov,S"]
[PlyCount "74"]
[EventDate "1995.08.??"]
[EventType "tourn"]
[EventRounds "11"]
[EventCountry "POL"]
[EventCategory "14"]
[SourceTitle "CBM 049"]
[Source "ChessBase"]
[SourceDate "1995.12.01"]
[SourceVersion "1"]
[SourceVersionDate "1995.12.01"]
[SourceQuality "1"]

1. c4 c5 2. g3 g6 3. Bg2 Bg7 4. Nc3 Nc6 5. e3 Nh6 (5... e5 6. Nge2 Nge7 7. O-O
O-O 8. a3 d6 $10) 6. Nge2 Nf5 7. O-O (7. a3 $5 O-O 8. Rb1 a5 9. O-O d6 10. b3
$14) 7... O-O 8. b3 a6 9. Bb2 b5 (9... d6 $5 10. d3 Bd7 11. Qd2 Rb8 12. Ne4 Qa5
13. Bc3 Bxc3 14. N4xc3 b5 {Andersson,U-Miles,A/Tilburg/1977/}) 10. d3 Bb7 (
10... Rb8 11. Qd2 Bb7 $5 12. cxb5 axb5 13. Nxb5 Bxb2 14. Qxb2 Ba6 15. Nbc3 Bxd3
16. Bxc6 dxc6 17. Rfd1 $40) 11. Qd2 bxc4 12. dxc4 Ra7 13. Rad1 $14 d6 14. Nd5
e6 15. Bxg7 Kxg7 16. Ndc3 (16. Qb2+ f6 17. Nef4 Re8) 16... Qa8 17. Qb2 (17. g4
$2 Nh4 $40 (17... Ne5 $5)) 17... f6 18. Rd2 (18. a3 $5 Ne5 19. e4) 18... h5 19.
Rfd1 g5 20. Qb1 h4 21. Na4 h3 $1 22. Bh1 (22. Bxh3 Ne5 $17) 22... Ncd4 23. Nb6
(23. Nxd4 Bxh1 24. Nxf5+ exf5 25. Rd5 Bxd5 26. Rxd5 f4 $17) (23. exd4 Bxh1 24.
d5 Bf3 $17 (24... exd5 $4 25. Qxf5)) 23... Nxe2+ 24. Rxe2 Qe8 25. Bxb7 Rxb7 $17
26. Nd5 Qh5 27. Nc3 Rd8 28. Qe4 d5 $1 29. cxd5 (29. Qxe6 Qf3 $19) 29... Nd6 30.
Qxe6 Qf3 31. Qxh3 Nb5 $19 32. Rd3 (32. Nxb5 Qxe2 33. Nc3 Qc2 $19) 32... Nxc3
33. Re1 Nxd5 34. Red1 Rbd7 35. Qe6 Rd6 36. Qh3 Nf4 37. gxf4 Qxh3 0-1